Core concepts in health

Sparad:
Bibliografiska uppgifter
Huvudupphovsman:  Insel, Paul M
Materialtyp: Sách
Språk:Undetermined
Publicerad:  McGraw Hill  2008
Ämnen:
Taggar: Lägg till en tagg
Inga taggar, Lägg till första taggen!
Thư viện lưu trữ: Trung tâm Thư viện - Trường Đại học Công nghiệp TP. Hồ Chí Minh
LEADER 00452nam a2200157Ia 4500
001 UIH_05165
008 231011s9999 xx 000 0 und d
082 |a  613 
100 |a  Insel, Paul M 
245 0 |a  Core concepts in health 
245 0 |c  Insel, Paul M 
260 |b  McGraw Hill 
260 |c  2008 
650 |a  Sức khỏe;  
927 |a Sách 
980 |a Trung tâm Thư viện - Trường Đại học Công nghiệp TP. Hồ Chí Minh